000 00579nam a22002175i 4500
001 11805
003 ES-MaACL
007 t|
008 930211s1992 sp ||||0| spa j
020 _a84-321-2909-7
040 _aM-BN
_bspa
_cM-BN
080 _a860-14"19"
100 1 _aJurado López, Manuel.
_967326
245 1 0 _aPaís de invierno /
_cManuel Jurado López.
260 _aMadrid :
_bRialp,
_c[1992]
300 _a62 p. ;
_c18 cm.
490 1 _aAdonais ;
_v492
830 0 0 _aAdonáis
_v492
_9173743
852 _aES-MaACL
_jJ-23-492
_bR.125384
999 _c11805
_d11805